header

Micro cutting (Record no. 32714)

MARC details
000 -LEADER
fixed length control field 01363nam a2200349Ia 4500
082 04 - DEWEY DECIMAL CLASSIFICATION NUMBER
Classification number 671.3/5
245 00 - TITLE STATEMENT
Title Micro cutting
260 ## - PUBLICATION, DISTRIBUTION, ETC. (IMPRINT)
Place of publication Chichester, West Sussex, United Kingdom ;
-- New York :
Name of publisher John Wiley & Sons Inc.,
Year of publication 2013.
300 ## - PHYSICAL DESCRIPTION
Number of Pages xvii, 348 p. :
Other physical details col. ill.
490 0# - SERIES STATEMENT
Series statement Wiley Microsystem and nanotechnology series (ME20)
650 #0 - SUBJECT ADDED ENTRY--TOPICAL TERM
Topical Term Micromachining.
Topical Term Micromechanics.
700 1# - ADDED ENTRY--PERSONAL NAME
Personal name Cheng, K.
Personal name Huo, Dehong.
856 40 - ELECTRONIC LOCATION AND ACCESS
Uniform Resource Identifier http://site.ebrary.com/lib/rucke/Doc?id=10745205

No items available.

© 2026 Rongo University
Contact us: librarian | system librarian | Rongo university